000 00470nam a2200181Ia 4500
005 20250508155036.0
008 008 250505s9999 xx 000 0 eng d
037 _aTextual
040 _aFEDL
_beng
_cFEDL
041 _aeng
_2eng
084 _aB, DUN
_qFEDL
245 0 _aFaces of courage
245 0 _cNational Council of Educational Research and Training
260 _c1967
300 _a105p.
942 _cTEXL
_hB, DUN
999 _c1353618
_d1353618